[Event "Andalucia-ch U16"]
[Site "Huelva"]
[Date "2014.04.27"]
[Round "8.3"]
[White "Hidalgo Begines, Juan Jose"]
[Black "Redondo Benavente, Jose Carlos"]
[Result "0-1"]
[WhiteElo "1860"]
[BlackElo "1882"]
[PlyCount "47"]
[EventDate "2014.04.25"]
[EventType "swiss"]
[EventRounds "9"]
[EventCountry "ESP"]
[SourceTitle "EXT 2024"]
[Source "ChessBase"]
[SourceDate "2023.10.10"]
[SourceVersion "1"]
[SourceVersionDate "2023.10.10"]
[SourceQuality "1"]

1. c4 Nf6 2. Nc3 g6 3. d4 Bg7 4. e4 d6 5. f3 0-0 6. Be3 e5 7. d5 c6 8. Qd2 cxd5 9. Nxd5 Nxd5 10. Qxd5 Nc6 11. Qd2 Be6 12. 0-0-0 Nd4 13. Bxd4 exd4 14. Qb4 Qc7 15. Kb1 Qc5 16. Qxc5 dxc5 17. Bd3 a6 18. a4 Bh6 19. h4 Rad8 20. a5 b5 21. axb6 Rb8 22. h5 Be3 23. hxg6 hxg6 24. Ne2 0-1

[Event "Andalucia-ch U16"]
[Site "Huelva"]
[Date "2014.04.26"]
[Round "7.5"]
[White "Cribilles Perez, Carlos"]
[Black "Hidalgo Begines, Juan Jose"]
[Result "1/2-1/2"]
[WhiteElo "1744"]
[BlackElo "1860"]
[PlyCount "42"]
[EventDate "2014.04.25"]
[EventType "swiss"]
[EventRounds "9"]
[EventCountry "ESP"]
[SourceTitle "EXT 2024"]
[Source "ChessBase"]
[SourceDate "2023.10.10"]
[SourceVersion "1"]
[SourceVersionDate "2023.10.10"]
[SourceQuality "1"]

1. d4 d5 2. c4 e6 3. Nc3 Nf6 4. Bg5 Be7 5. Nf3 h6 6. Bh4 0-0 7. e3 Nbd7 8. Bd3 dxc4 9. Bxc4 b6 10. 0-0 Bb7 11. Rc1 c5 12. dxc5 Nxc5 13. Qe2 Nce4 14. Rfd1 Nxc3 15. Rxc3 Qc7 16. Bg3 Qc6 17. Bb5 Qe4 18. Rc4 Qg6 19. Ne5 Qf5 20. Nd7 Rfd8 21. Rf4 Qh7 1/2-1/2

[Event "Andalucia-ch U14"]
[Site "Islantilla"]
[Date "2012.04.14"]
[Round "7"]
[White "Cortes Cabeza, Cameron"]
[Black "Hidalgo Begines, Juan Jose"]
[Result "1-0"]
[WhiteElo "1633"]
[BlackElo "1829"]
[PlyCount "57"]
[EventDate "2012.04.13"]
[EventType "swiss"]
[EventRounds "9"]
[EventCountry "ESP"]
[SourceTitle "CBM 148 Extra"]
[Source "ChessBase"]
[SourceDate "2012.06.22"]
[SourceVersion "1"]
[SourceVersionDate "2012.06.22"]
[SourceQuality "1"]

1. e4 d6 2. d4 Nf6 3. Nc3 g6 4. Nf3 Bg7 5. h3 0-0 6. Be2 c6 7. 0-0 b5 8. a3 Qc7 9. Bf4 Nbd7 10. Qd2 a6 11. Rfe1 c5 12. e5 Nh5 13. exd6 exd6 14. Nd5 Qd8 15. Bxd6 Bb7 16. Bc7 Bxd5 17. Bxd8 Raxd8 18. c3 Nhf6 19. Bd3 cxd4 20. Nxd4 Nc5 21. b4 Nce4 22. Bxe4 Nxe4 23. Qc2 Rfe8 24. f3 Nd6 25. Rxe8+ Rxe8 26. Qf2 Rc8 27. Qg3 Rxc3 28. Qxd6 Bxd4+ 29. Kh2 1-0

[Event "Andalucia-ch U14"]
[Site "Islantilla"]
[Date "2012.04.14"]
[Round "6"]
[White "Hidalgo Begines, Juan Jose"]
[Black "Martin Carmona, Gaston Manuel"]
[Result "1-0"]
[WhiteElo "1829"]
[BlackElo "1810"]
[PlyCount "67"]
[EventDate "2012.04.13"]
[EventType "swiss"]
[EventRounds "9"]
[EventCountry "ESP"]
[SourceTitle "CBM 148 Extra"]
[Source "ChessBase"]
[SourceDate "2012.06.22"]
[SourceVersion "1"]
[SourceVersionDate "2012.06.22"]
[SourceQuality "1"]

1. c4 Nf6 2. Nc3 g6 3. d4 Bg7 4. g3 d5 5. cxd5 Nxd5 6. Bg2 Nxc3 7. bxc3 c5 8. e3 0-0 9. Ne2 cxd4 10. cxd4 Nc6 11. 0-0 Rb8 12. Ba3 Bf5 13. Rc1 Qa5 14. Qb3 Rfe8 15. Rc5 Qd8 16. Rfc1 Bd7 17. Nf4 e5 18. dxe5 Rxe5 19. Rxe5 Nxe5 20. Nd5 Be6 21. Qb5 a6 22. Qb3 b5 23. Bb2 Nd3 24. Qxd3 Bxb2 25. Rc6 Rc8 26. Rxc8 Bxc8 27. Qc2 Ba3 28. Qc3 b4 29. Qxc8 Qxc8 30. Ne7+ Kf8 31. Nxc8 Ke8 32. Nd6+ Ke7 33. Nc4 Bc1 34. Kf1 1-0